000 00335nam a2200157Ia 4500
003 Ost
005 20260225132551.0
008 260225s9999||||xx |||||||||||||| ||und||
040 _cfsic
041 _afre
082 _a791.43
100 _aMarie seton
_eAuteur
245 0 _aEisenstein /
245 0 _cMarie seton
942 _cكتاب
999 _c34152
_d34152